Monarchs by Reign - Statistics

General Stats
  • This quiz has been taken 24 times
  • The average score is 7 of 25
Answer Stats
Length Country Answer % Correct
70 years, 214 days United Kingdom Elizabeth II
95%
72 years, 110 days France Louis XIV
81%
58 years, 251 days France Louis XV
81%
63 years. 216 days United Kingdom Victoria
76%
67 years, 355 days Austria - Hungary Franz Joseph I
43%
62 years, 13 days Japan Hirohito
43%
58 years, 199 days Fatmid Caliphate (Egypt) Al-Mustansir Billah
38%
59 years, 96 days United Kingdom George III
38%
62 years, 319 days Aragon James I
33%
57 years, 246 days Scotland James VI
33%
65 years, 90 days Two Sicilies Ferdinand III
24%
56 years, 35 days Castile Alfonso VIII
14%
58 years, 222 days Brazil Pedro II
14%
70 years, 126 days Thailand Rama IX
10%
57 years, 286 days Netherlands Wilhelmina
10%
59 years, 330 days Denmark - Norway Christian IV
5%
70 years, 91 days Liechtenstein Johann II
5%
61 years, 318 days China Kangxi Emporer
5%
60 years, 114 days China Qianlong Emporer
5%
67 years, 130 days Copán (Honduras) Chan Imix K'awaiil
0%
56 years, 99 days Burgundy Conrad I
0%
61 years, 21 days Monaco Honoré III
0%
68 years, 33 days Palenque (Mexico) K'inich Janaab' Pakal I
0%
68 years, 220 days Kedah (Malaysia) Muhammad Jiwa Zainal Adilin II
0%
58 years, 105 days Kingdom of Montenegro Nicholas I
0%
No matching quizzes found
Score Distribution
Percent of People with Each Score
Percentile by Number Answered
Your Score History
You have not taken this quiz